Policz jak najwyżej w 90 sekund - Statystyki

Ogólne statystyki
  • Ten quiz został rozwiązany 112 razy
  • Średni wynik to 96 z 175
Statystyki odpowiedzi
Liczba % Poprawnych
1
100%
10
100%
12
100%
13
100%
2
100%
23
100%
3
100%
4
100%
5
100%
6
100%
7
100%
8
100%
9
100%
11
97%
14
97%
15
97%
16
97%
17
97%
20
97%
28
97%
18
95%
21
95%
22
95%
24
95%
25
95%
31
95%
34
95%
35
95%
26
92%
27
92%
32
92%
36
92%
37
92%
38
92%
29
89%
33
89%
39
89%
41
89%
43
89%
19
87%
30
87%
42
87%
46
87%
56
87%
65
87%
44
84%
47
84%
51
84%
52
84%
53
84%
54
84%
40
82%
45
82%
48
82%
49
82%
50
82%
57
82%
60
82%
61
82%
64
82%
66
82%
67
82%
55
79%
58
79%
59
79%
62
79%
63
79%
68
79%
69
76%
71
76%
70
74%
72
74%
74
74%
77
74%
76
71%
78
71%
80
71%
81
71%
84
71%
87
71%
89
71%
90
71%
91
71%
92
71%
93
71%
75
68%
79
68%
82
68%
83
68%
85
68%
86
68%
88
68%
73
66%
94
66%
95
66%
97
66%
98
66%
96
63%
99
61%
100
58%
101
45%
102
45%
103
45%
104
42%
105
39%
106
39%
108
39%
109
39%
107
37%
110
37%
112
37%
113
37%
114
37%
115
34%
116
34%
123
34%
111
32%
119
29%
120
29%
121
29%
117
26%
118
26%
124
21%
122
18%
129
18%
126
16%
131
16%
132
16%
135
16%
125
13%
127
13%
128
13%
130
13%
133
13%
134
13%
136
13%
137
13%
138
13%
171
13%
139
11%
141
11%
161
11%
175
11%
140
8%
142
8%
145
8%
150
8%
170
8%
172
8%
173
8%
174
8%
143
5%
155
5%
156
5%
160
5%
162
5%
163
5%
164
5%
165
5%
166
5%
167
5%
168
5%
169
5%
144
3%
146
3%
147
3%
148
3%
149
3%
151
3%
152
3%
153
3%
154
3%
157
3%
158
3%
159
3%
Nie znaleziono quizów pasujących do podanych kryteriów
Rozkład punktacji
Procent ludzi z każdym wynikiem
Percentyl według liczby udzielonych odpowiedzi
Twoja historia wyników
Nie rozwiązałeś tego quizu